Simulácia opotrebovaných rezných nástrojov : Kandidátska dizertačná práca /

Na minha lista:
Detalhes bibliográficos
Autor principal: Šugár, Peter, 1967- (Author)
Formato: Manuscrito Livro
Idioma:eslovaco
Publicado em: Trnava : STU v Bratislave MTF, 1994
Assuntos:
Tags: Adicionar Tag
Sem tags, seja o primeiro a adicionar uma tag!

MARC

LEADER 00000ntm a22000003a 4500
001 stu45707
005 20150617225715.0
008 970304s1994----cs------------------slo-d
040 |a STU  |b slo 
041 0 |a slo 
044 |a cs 
080 |a 621.9.02(043.3) 
100 1 |a Šugár, Peter,  |d 1967-  |4 aut  |u M3000  |U MTF Materiálovotechnologická fakulta  |T MTF Ústav výrobných technológií  |X 3552  |U M3000  |Y 83  |7 A000003552 
245 1 |a Simulácia opotrebovaných rezných nástrojov :  |b Kandidátska dizertačná práca /  |c [aut.]Ing.Peter Šugár 
260 |a Trnava :  |b STU v Bratislave MTF,  |c 1994 
300 |a 112 s 
650 7 |a nástroje rezné  |2 stusub 
650 7 |a opotrebovanie  |2 stusub 
650 7 |a práce kandidátske dizertačné  |2 stusub 
996 |b .  |c M* DzP-517  |l MMSKP  |s P  |a 0  |w stu45707_0002